000
00303nam a22001457a 4500
020
_a
81-8022-012-5
082
_a
920
_b
DEO/B
100
_a
DEO,SUBHASH G.
245
_a
BABBAGE
250
_a
FIRST
260
_a
DELHI
_b
PRIORITY PUBLICATIONS
300
_a
74
650
_a
BIOGRAPHY
_z
DELHI
942
_c
BK
999
_c
6379
_d
6379